Every Major Royal Rumble Stat Leaders - Statistics

General Stats
  • This quiz has been taken 20 times
  • The average score is 25 of 32
Answer Stats
Hint Answer % Correct
Kane
100%
Kane
100%
Kane
100%
2 Randy Orton
100%
Randy Orton
100%
Randy Orton
100%
4 Triple H
100%
Triple H
100%
1 Chris Jericho
92%
Chris Jericho
92%
Edge
92%
3 Rey Mysterio
92%
Rey Mysterio
92%
Roman Reigns
92%
Shawn Michaels
92%
Shawn Michaels
92%
Brock Lesnar
85%
Kofi Kingston
85%
The Undertaker
85%
The Undertaker
85%
Big Show
77%
Big Show
77%
Cody Rhodes
77%
Steve Austin
77%
The Miz
77%
CM Punk
54%
Sheamus
54%
Dolph Ziggler
38%
Braun Strowman
23%
Goldust
23%
Shawn Michaels
23%
Shelton Benjamin
8%
No matching quizzes found
Score Distribution
Percent of People with Each Score
Percentile by Number Answered
Your Score History
You have not taken this quiz